Ďalšia ázijská revolúcia
Štát blahobytu na ázijský spôsob. Budovanie sociálneho štátu. Tri všeobecné zásady, ktoré by mali mať na pamäti všetky ázijské vlády.
Uložené v:
| Médium: | Kapitola |
|---|---|
| Jazyk: | Slovak |
| Predmet: | |
| Tagy: |
Žiadne tagy, Buďte prvý, kto otaguje tento záznam!
|
MARC
| LEADER | 00000naa a2200000 4500 | ||
|---|---|---|---|
| 001 | 0159556 | ||
| 005 | 20231113080226.7 | ||
| 041 | 0 | |a slo | |
| 044 | |a SK | ||
| 245 | 1 | 0 | |a Ďalšia ázijská revolúcia |
| 520 | |a Štát blahobytu na ázijský spôsob. Budovanie sociálneho štátu. Tri všeobecné zásady, ktoré by mali mať na pamäti všetky ázijské vlády. | ||
| 610 | 2 | 0 | |a štát sociálny |
| 610 | 2 | 0 | |a štát blahobytu |
| 610 | 2 | 0 | |a Ázia |